Movies Quiz

Random Movies or Animation Quiz

Ultimate Disney Movie Trivia Part 1 Quiz Stats

 Plays Quiz not verified by Sporcle

Challenge
Share
Tweet
Embed
Score 0/99 Timer 20:00
0 Plays Today
% Correct
Sneezy
91.5%
Pine
84.2%
True Love's Kiss
82.3%
Grumpy
81.3%
His nose grows
78.6%
Poison Apple
78.3%
Pink and White
76.6%
Gems
76.2%
Midnight
74.3%
His Ears
74.3%
Thumper
73.9%
The White Rabbit
73.5%
A Pumpkin
73.1%
Tinkerbell
72.1%
Flower
70.4%
Donkey
69.4%
Bambi's mother
69.4%
The crocodile
68.1%
Princess Aurora
66.4%
Mr. Smee
66.4%
Jaq and Gus
65.7%
Nana
64.4%
Lucifer
64.3%
Cat and Goldfish
63.8%
Wash up
63.6%
A dragon
62%
Drizella and Anastasia
61.8%
The Blue Fairy
61.3%
Man
60.8%
Who's the fairest of them all
60.7%
A spinning wheel
60.5%
Once upon a dream
58.6%
Blue
58.4%
% Correct
Unbirthdays
58.1%
The Stork
58%
A Wendy Bird
57.9%
Well
57.7%
Michael
57.6%
Crow
57.1%
Peanuts
56.8%
Spaghetti and meatballs
56.7%
Be your guide
56.3%
Tiger Lily
56.3%
Pink and Purple
55%
The horse
54.6%
Pink Elephants
54.5%
Flora, Fauna and Merryweather
53.9%
A Flamingo
53.2%
Wildfire
53.1%
A birthday cake
51.9%
The park
51.2%
Who R U?
50.2%
Jumbo
50%
To make a fur coat
49.9%
Lucifer
49.7%
The Evil Queen
49.3%
Big Ben
48.7%
Italy
48.6%
She changes size
47.2%
Monstro
46.8%
Timothy Q. Mouse
46.2%
Pig's Heart
46.1%
A Clown
43.6%
The color of the dress
42.7%
Lucky
41%
The Great Prince of the Forest
39.5%
% Correct
Bibbidi-Bobbidi-Boo
39%
Dinah
37.8%
Put them to sleep
36.4%
When I see an elephant fly
35.6%
Faline
35.1%
A Fox
34%
They roll in soot
33.8%
Pleasure Island
32.1%
Little April showers
32.1%
The Beaver
32.1%
Horace and Jasper
30.9%
Give a little whistle
30.7%
Jim Dear and Darling
30.1%
But they love him
28.1%
They're painting the roses red
28.1%
Songwriter
28%
Bird
26.9%
Scottish Terrier
26%
The Walrus and the Carpenter
25.5%
Lhasa Apso
25.4%
Diablo
25%
Twitterpated
24.2%
Casey Junior
22.8%
The Grand Duke
22.3%
Trusty
20.4%
The second star to the right and straight on till morning.
20.1%
Bill
17.1%
All the cradles
16%
Kanine Krunchies
13.3%
I really am
11.3%
The Colonel
10%
The rat, Aunt Sarah, Si and Am, Dogcatcher, siamese cats
0.9%
The baby, Pregnancy, Darling gets pregnant, pregnant
0.5%

You're not logged in!

Compare scores with friends on all Sporcle quizzes.
OR
Log In

You Might Also Like...

Show Comments

Extras

Top Quizzes Today


Score Distribution

Your Account Isn't Verified!

In order to create a playlist on Sporcle, you need to verify the email address you used during registration. Go to your Sporcle Settings to finish the process.

Report this User

Report this user for behavior that violates our Community Guidelines.

Details: